O Estado da reforma : (Record no. 991)

MARC details
000 -LÍDER
Campo Fixo de Controle 00858nam a2200241 a 4500
001 - NÚMERO DE CONTROLE
Campo de Controle 991
003 - IDENTIFICAÇÃO DO NÚMERO DE CONTROLE
Campo de Controle BR-CuiBMT
005 - DATA E HORA DA ÚLTIMA ATUALIZAÇÃO
Campo de Controle 20231128221337.0
008 - DADOS FIXOS
Dados Fixos 231124s2005 mtba 000 0 por d
040 ## - AGÊNCIA CATALOGADORA
Código da Agência Catalogadora BR-CuiBMT
Agência que transcreveu o registro BR-CuiBMT
080 ## - Nº DA CLASSIFICAÇÃO DECIMAL UNIVERSAL
Nº edição CDU 2007
Nº Class. CDU 35.076
Subd. Auxiliar Comum (817.2)
090 ## - NÚMERO DE CHAMADA
Nº classificação 35.076(817.2)
Cutter A663e
100 1# - ENTRADA PRINCIPAL -- AUTOR PESSOAL
Nome pessoal Araújo, Vinícius de Carvalho,
Datas associadas ao nome 1976-
245 12 - TÍTULO PRINCIPAL
Título principal O Estado da reforma :
Subtítulo reflexões sobre a experiência de reforma do Estado em Mato Grosso /
Indicação de responsabilidade Vinícius de Carvalho Araújo.
260 ## - PUBLICAÇÃO, DISTRIBUIÇÃO, ETC.
Local de publicação Cuiabá :
Editora Tanta Tinta,
Data 2005.
300 ## - DESCRIÇÃO FÍSICA
N. páginas ou volumes 213 p. :
Ilustrações il. ;
Dimensões 22 cm
504 ## - NOTA DE BIBLIOGRAFIA, ETC.
Nota de bibliografia Inclui bibliografia.
650 ## - ASSUNTO TÓPICO
Cabeçalho tópico ou nome geográfico Administração pública
Subdivisão geográfica Mato Grosso
650 ## - ASSUNTO TÓPICO
Cabeçalho tópico ou nome geográfico Políticas públicas
Subdivisão geográfica Mato Grosso
650 ## - ASSUNTO TÓPICO
Cabeçalho tópico ou nome geográfico Política de governo
Subdivisão geográfica Mato Grosso
650 ## - ASSUNTO TÓPICO
Cabeçalho tópico ou nome geográfico Administração estadual
Subdivisão geográfica Mato Grosso
Subdivisão geral Reforma administrativa
942 ## - ELEMENTOS DE ENTRADA ADICIONAIS (KOHA)
Fonte de classificação ou esquema de arquivamento Classificação Decimal Universal
Tipo de item do Koha Livros
Holdings
Estado: removido Estado: perdido Fonte de classificação ou esquema de arquivamento Estado: danificado Indisponível para empréstimo Localização permanente Localização atual Data de aquisição Total Checkouts Número de Chamada completo Código de barras Date last seen Número do exemplar Preço efetivo a partir de Tipo de item (Koha)
    Classificação Decimal Universal     Biblioteca da Escola Superior de Contas do TCE/MT Biblioteca da Escola Superior de Contas do TCE/MT 23/09/2008   35.076(817.2) A663e BIBTCEMT23111076 24/11/2023 Ex. 1 24/11/2023 Livros

Powered by Koha